000 01081cab a2200289 4500
001 ABS52700
008 090401t1995 xxu||||| |||| 00| 0 eng d
035 _a(Sirsi) u91764
041 _aeng
245 _aEstates Times survey: retail
260 _c1995
350 _a0
490 _aEstates Times
_v(1277) 28 April 1995, 9-18(13)
520 _aReviews the health of the retail market and investment in the sector before focusing on several centres, Birmingham, Newcastle and Gateshead, Manchester and Bristol. Profiles Friends Provident and Norwich Union. Also looks at retail trends in the US.
650 _aDISCOUNT STORES
650 _aELECTRONIC SHOPPING
650 _aLEASE STRUCTURES
650 _aPEDESTRIANISATION
650 _aPROPERTY-COMMERCIAL PROPERTY-RETAIL PROPERTY-RETAIL PROPERTY MARKET
650 _aRETAIL PROPERTY
650 _aRETAIL GROUP
650 _aUNITED STATES
690 _aPROPERTY-COMMERCIAL PROPERTY-COMMERCIAL PROPERTY MARKET
690 _aPROPERTY-COMMERCIAL PROPERTY-RETAIL PROPERTY
942 _n0
948 _c04/03/1997
999 _c58237
_d58237